National minority standards
| Titel: | National minority standards : a compilation of OSCE and Council of Europe texts |
|---|---|
| Veröffentlicht: | Strasbourg [u.a.] : Council of Europe Publishing., 2007 |
| Umfang: | 338 S. |
| Format: | Buch |
| Sprache: | Englisch |
| ISBN: | 9789287162205 |
alg: 18819270
001A $03004:26-06-07
001B $06055:27-02-26 $t18:02:35.000
001C $03004:26-06-07 $t08:34:15.000
001D $03004:11-07-13
001U $0utf8
001X $00
002@ $0Aay
003@ $0188192700
004A $A978-92-871-6220-5
007A $0188192700 $aHEB
010@ $aeng
011@ $a2007
021A $aNational minority standards $da compilation of OSCE and Council of Europe texts
033A $pStrasbourg {[u.a.] $nCouncil of Europe Publishing.
034D $a338 S.
044K $#Europarat $#欧州評議会 $#Council of Europe $#COE $#Conseil de l'Europe $#Evropayi Xorhowrd $#Rada Europy $#Symbulion tēs Eyrōpēs $#Consejo de Europa $#Consiglio d'Europa $#Raad van Europa $#Europarådet $#Avrupa Konseyi $#Symbulion tēs Eurōpēs $#Consilium Europae $#Conselho da Europa $#Sovet Evropy $#Euroopa Nõukogu $#Ōshū Hyōgikai $D20251120 $Ecgmnf $736821-0 $8Europarat [Tb1] $9040370100
044K $RKonferenz über Sicherheit und Zusammenarbeit in Europa $RENVSEC $#OSZE $#OSZE $#Organization for Security and Cooperation in Europe $#Organization for Security and Co-operation in Europe $#Organisation de la Sécurité et la Coopération en Europe $#Organisation pour la Sécurité et la Coopération en Europe $#Organización para la Seguridad y la Cooperación en Europa $#Organizzazione per la sicurezza e la cooperazione in Europa $#OSCE $#Organizacija po Bezopasnosti i Sotrudničestvu v Evrope $#OBSE $#Organizacja Bezpieczeństwa i Współpracy w Europie $#OBWE $#Organizacija za europsku sigurnost i suradnju $#OESS $#Organisatie voor Veiligheid en Samenwerking in Europa $#OVSE $#Organisationen för säkerhet och samarbete i Europa $#OSSE $#Organisation für Sicherheit und Zusammenarbeit in Europa, Secretary General $D20251120 $Ecgmnf $72149347-9 $8Organisation für Sicherheit und Zusammenarbeit in Europa [Tb1] $9043925685
044K $ROrganisation für Sicherheit und Zusammenarbeit in Europa $#Hoher Kommisar für Nationale Minderheiten, Organisation für Sicherheit und Zusammenarbeit in Europa $#Hoher Kommissar für Nationale Minderheiten der OSZE $#Organisation für Sicherheit und Zusammenarbeit in Europa, High Commissioner on National Minorities $#High Commissioner on National Minorities of the OSCE $#High Commissioner on National Minorities of OSCE $#HCNM $#OSCE HCNM $#Haut commissaire aux minorités nationales de l'OSCE $#Haut-commissaire aux minorités nationales de l'OSCE $#Alto Comisionado para las Minorías Nacionales de la OSCE $D20251120 $Ecgmnf $74578465-6 $8Organisation für Sicherheit und Zusammenarbeit in Europa$bHoher Kommissar für Nationale Minderheiten [Tb1] $9090856600
044K $RRecht $#International law $#Droit international $#international law $#Internationales Recht $#internationales Recht $#Internationale Rechtsgeschichte $#Internationales Recht $#Materialien zum internationalen Recht $D20251120 $Ecgmnf $74027447-0 $8Internationales Recht [Ts1] $908507019X
044K $RVeranstaltung $RSitzung $#Congresses and conventions $#Congrès et conférences $#Konferenz $#Konferenz $#Internationale Konferenz $#Konferenz/Tagung $#Wissenschaftliche Konferenz/Tagung $#Besprechung $#Tagung Konferenz $#Symposium Konferenz $#Symposion Konferenz $#Konferenzen $D20251120 $Ecgmnf $74032055-8 $8Konferenz [Ts1] $9085085340
044K $RGruppenrecht $#Minorities Legal status, laws, etc. $#Minorities Civil rights $#Minorités Statut juridique $#Minorías Estatuto jurídico $#Minderheitenrecht $#Minderheitenrechte $#Minderheitenschutz $#Minderheitenschutz $#Minderheit Recht $#Minderheitenrecht Minderheitsrecht $#Volksgruppenrecht $#Nationalitätenrecht $D20251120 $Ecgmnf $74039411-6 $8Minderheitenrecht [Ts1] $9085107476
044K $RInternationales Recht $#International law $#Droit international $#Völkerrecht $#Völkerrecht $#Gleichberechtigung der Staaten $#Völkerrecht $#Völkerrechtslehre $D20251120 $Ecgmnf $74063693-8 $8Völkerrecht [Ts1] $9085178535
044K $RVölkerrecht $RVertrag $RStaatsvertrag $#Treaties $#Traités $#Internationales Abkommen $#internationales Abkommen $#Geheimes internationales Abkommen $#Internationale Garantie $#Internationale Konvention $#Internationales Abkommen $#Internationales Protokoll $#Internationales Rahmenabkommen $#Stillschweigende internationale Vereinbarung $#Völkerrechtlicher Vertrag (internationales Recht) $#Völkervertragsrecht $#Abkommen Völkerrecht $#Übereinkommen Völkerrecht $#Vertrag Völkerrecht $#Konvention Völkerrecht $#Internationaler Vertrag $#Internationales Abkommen $#Internationales Übereinkommen $#Völkervertragsrecht $#Völkerrechtliches Vertragsrecht $D20251120 $Ecgmnf $74063696-3 $8Völkerrechtlicher Vertrag [Ts1] $9085178543
044K $RBürgerrecht $RGrundrecht $#Human rights $#Droits de l'homme $#Droits de l'homme (droit international) $#Diritti umani $#Derechos humanos $#Menschenrechte $#Menschenrechte $#Menschenrechte $#Menschenrechte $D20251120 $Ecgmnf $74074725-6 $8Menschenrecht [Ts1] $9085210552
044K $RNationalität $RNationale Minderheit $REthnische Identität $RVolk $#Ethnic groups $#Groupes ethniques $#Gruppi etnici $#Grupos étnicos $#ethnic groups $#Ethnische Gruppe $#ethnische Gruppe $#Ethnische Bevölkerungsgruppe/Volksgruppe $#Völkergruppe $#Ethnie Volksgruppe $#Volksgruppe $#Ethnos $D20251120 $Ecgmnf $74153095-0 $8Ethnische Gruppe [Ts1] $9085641200
044K $RGruppe $#Minorities $#Minorités $#Minderheit $#Minderheit $#Minderheit $#Minderheitsgruppe $#Minorität $#Minoritätsgruppe $D20251120 $Ecgmnf $74752223-9 $8Minderheit [Ts1] $9114439052
045F $a305.80094 $eDDC23BSB
045F/01 $a305.8009
045F/03 $g4
045G $a900.940904 $eDDC23BSB
045G/01 $a900
045G/03 $f0904
045G/03 $g4
lok: 18819270 24
101B $011-07-13 $t17:03:15.000
101C $011-07-13
101U $0utf8
145Z/01 $a1 3 C
145Z/02 $a1 5 F
exp: 18819270 24 1 #EPN
201B/01 $011-07-13 $t17:03:40.000
201C/01 $026-06-07
201U/01 $0utf8
203@/01 $0505859130
208@/01 $a26-06-07 $bz
209A/01 $a07.3820 $du $f050 $h07 3820 $x00
209C/01 $a07.3820 K $h07 3820 K
209G/01 $a73246105 $x00
220C/01 $awar/nie
247C/01 $8358050-7 Marburg, Bibliothek des Herder-Instituts Marburg $9102600961
| LEADER | 00000cam a22000002c 4500 | ||
|---|---|---|---|
| 001 | 188192700 | ||
| 003 | DE-603 | ||
| 005 | 20260227180235.0 | ||
| 007 | tu | ||
| 008 | 070626s2007 xx |||| | u00||u|eng c | ||
| 020 | |a 9789287162205 | ||
| 035 | |a (DE-599)HEB188192700 | ||
| 040 | |a DE-603 |b ger |c DE-603 |d DE-603 | ||
| 041 | |a eng | ||
| 082 | 0 | 4 | |8 1\u |a 305.80094 |q DE-101 |2 23/BSB |
| 083 | 0 | |8 2\u |a 900.940904 |q DE-101 |2 23/BSB | |
| 085 | |8 1\u |b 305.8009 | ||
| 085 | |8 1\u |z 2 |s 4 | ||
| 085 | |8 2\u |b 900 | ||
| 085 | |8 2\u |z 1 |s 0904 | ||
| 085 | |8 2\u |z 2 |s 4 | ||
| 245 | 0 | 0 | |a National minority standards |b a compilation of OSCE and Council of Europe texts |
| 264 | 1 | |a Strasbourg [u.a.] |b Council of Europe Publishing. |c 2007 | |
| 300 | |a 338 S. | ||
| 610 | 1 | 7 | |a Europarat |2 gnd |0 (DE-588)36821-0 |0 (DE-603)040370100 |
| 610 | 1 | 7 | |a Organisation für Sicherheit und Zusammenarbeit in Europa |2 gnd |0 (DE-588)2149347-9 |0 (DE-603)043925685 |
| 610 | 1 | 7 | |a Organisation für Sicherheit und Zusammenarbeit in Europa |b Hoher Kommissar für Nationale Minderheiten |2 gnd |0 (DE-588)4578465-6 |0 (DE-603)090856600 |
| 650 | 7 | |a Internationales Recht |0 (DE-588)4027447-0 |0 (DE-603)08507019X |2 gnd | |
| 650 | 7 | |a Konferenz |0 (DE-588)4032055-8 |0 (DE-603)085085340 |2 gnd | |
| 650 | 7 | |a Minderheitenrecht |0 (DE-588)4039411-6 |0 (DE-603)085107476 |2 gnd | |
| 650 | 7 | |a Völkerrecht |0 (DE-588)4063693-8 |0 (DE-603)085178535 |2 gnd | |
| 650 | 7 | |a Völkerrechtlicher Vertrag |0 (DE-588)4063696-3 |0 (DE-603)085178543 |2 gnd | |
| 650 | 7 | |a Menschenrecht |0 (DE-588)4074725-6 |0 (DE-603)085210552 |2 gnd | |
| 650 | 7 | |a Ethnische Gruppe |0 (DE-588)4153095-0 |0 (DE-603)085641200 |2 gnd | |
| 650 | 7 | |a Minderheit |0 (DE-588)4752223-9 |0 (DE-603)114439052 |2 gnd | |
| 924 | 0 | |9 Mb 50 |a (DE-603)505859130 |b DE-Mb50 |c HES |d c |g 07.3820 | |


